000 00289nam a22001337a 4500
008 171016b xxu||||| |||| 00| 0 eng d
020 _a3943596-X
041 _aeng
080 _23RD
_a33
100 _a52
101 _aEKO
245 _aTHE ECONOMY TODAY
_cSCHILLER,B.R
942 _2udc
_cBK
999 _c34023
_d34023